000 01004nam a2200277 a 4500
005 20061016125427.0
008 060626s2005 enka b 001 0 eng d
010 _aENG-92375
020 _a9788180522987
_c895.00
020 _a8180522989
_c895.00
035 _aEN-75908
037 _bDBAD / PUB
040 _adpl
_bEnglish
082 _a658.8
100 _aGilliland, Debbie.
245 _aMarketing /
_cby Debbie Gilliland.
260 _aNew Delhi
_bAne Books
_c2009(repr.).
270 _a4821, Parwana Bhawan, Ist Floor, 24, Ansari Road, Daryaganj,
_bNew Delhi
_e110002
300 _av, 406 p.
_c24 cm (Hb)
500 _aIncludes bibliographical references and index.
650 _aMarketing.
650 _aMarketing
_xManagement.
651 _aCanterbury
942 _2ddc
_cEN
_h658.8
_mGIL
999 _c20667
_d20667